|
|
|
|
| LEADER |
00000nab a2200000uu 4500 |
| 001 |
vtls011152735 |
| 003 |
SK-MaSNL |
| 005 |
20260303111840.0 |
| 008 |
230121|1960 xo |||||||||||||||||slo| |
| 015 |
|
|
|a SNBRB
|
| 035 |
|
|
|a (urnnbn)urn:nbn:sk:snk:ar-a0a4j7
|
| 035 |
|
|
|a (uuid)168291ed-d12b-4d14-826f-635c9b58383d
|
| 035 |
|
|
|a urn:nbn:sk:snk-abb1v4
|
| 040 |
|
|
|a SNKBUCL
|b slo
|c SNKBUCL
|e AACR2
|
| 041 |
0 |
|
|a slo
|
| 044 |
|
|
|a xo
|c SK
|
| 100 |
1 |
|
|a Galóci, Z.
|4 aut
|9 1124794
|
| 245 |
1 |
0 |
|a Spracovanie kyslých smôl
|c Z. Galóci
|
| 773 |
0 |
|
|t Ropa a uhlie : technológia ropy a uhľovodíkových plynov, chemické zužitkovanie uhlia, palivá, technika mazania
|g Roč. 2, č. 12 (1960), s. 371-373
|
| 954 |
|
|
|a odborná, vedecká literatúra pôvodná (slovenská)
|2 lita
|
| 958 |
|
|
|a OND
|
| 958 |
|
|
|a EUIPO
|
| 958 |
|
|
|a article14
|
| 999 |
|
|
|c 1879921
|d 1881851
|